Guía de terapeútica vegetal : aclaraciones para su manejo :
Guardado en:
| Autor Principal: | |
|---|---|
| Formato: | Libro |
| Publicado: |
Buenos Aires :
Hemisferio Sur,
1987
|
| Materias: | |
| Etiquetas: |
Agregar Etiqueta
Sin Etiquetas, Sea el primero en etiquetar este registro!
|
| LEADER | 00898nam a22002655a 4500 | ||
|---|---|---|---|
| 001 | CEM.cems017596 | ||
| 005 | 20110518112000.0 | ||
| 008 | 130507s1987##################000#0#####d | ||
| 003 | CEMS | ||
| 020 | |a 9505043937 | ||
| 082 | 0 | 4 | |a 632 |
| 100 | 1 | |a Maccarini, Leandro D. G. | |
| 245 | 1 | 0 | |a Guía de terapeútica vegetal : |b aclaraciones para su manejo : |c Leandro D. G. Maccarini |
| 260 | |a Buenos Aires : |b Hemisferio Sur, |c 1987 | ||
| 300 | |a 60 p. | ||
| 653 | |a Control fitosanitario | ||
| 653 | |a Arroz-control fitosanitario | ||
| 653 | |a Trigo-control fitosanitario | ||
| 653 | |a Avena-control fitosanitario | ||
| 653 | |a Cebada-control fitosanitario | ||
| 653 | |a Centeno-control fitosanitario | ||
| 653 | |a Maíz-control fitosanitario | ||
| 653 | |a Sorgo-control fitosanitario | ||
| 653 | |a Cereales-control fitosanitario | ||
| 859 | |a CEMS |b BIB. CEMS - Agricultura |h 632 |i M127 |p A1357.11 |t Ej.1 |v II |3 II | ||
